000 00543nam a2200205 a 4500
001 35415
005 20180714003740.0
008 140415s1988 mx 000 0 spa d
020 _a968419773X
041 _aspa
082 _a658.4094
_bBLA
100 1 _aBlanchard, Kenneth H.,.
245 1 3 _aEL EJECUTIVO AL MINUTO EN FORMA
250 _a1a ed.
260 _aMEXICO :
_bGRIJALBO,
_c1988
300 _a191
650 1 4 _aADMINISTRACION
_xEJECUTIVOS
700 1 _aBRAVO, J. A.
_etr.
700 1 _aEDINGTON, D. W.
_ecoaut.
999 _c35415
_d35415